[Event "Ribeira Valley op 9th"]
[Site "Registro"]
[Date "2013.08.03"]
[Round "9"]
[White "Supi, Luis Paulo"]
[Black "Sztokbant, Bernardo Vainzoff"]
[Result "0-1"]
[WhiteElo "2329"]
[BlackElo "2209"]
[PlyCount "156"]
[EventDate "2013.07.30"]
[EventType "swiss"]
[EventRounds "9"]
[EventCountry "BRA"]
[SourceTitle "CBM 155 Extra"]
[Source "ChessBase"]
[SourceDate "2013.08.26"]
[SourceVersion "1"]
[SourceVersionDate "2013.08.26"]
[SourceQuality "1"]

1. d4 d5 2. Nc3 Nf6 3. Bg5 e6 4. e4 Be7 5. e5 Nfd7 6. h4 Bxg5 7. hxg5 Qxg5 8.
Nh3 Qh6 9. Qg4 a6 10. Bd3 Nc6 11. f4 g6 12. Nf2 Qf8 13. O-O-O Nxd4 14. Bxg6
hxg6 15. Rxh8 Qxh8 16. Rxd4 b6 17. Rd1 Bb7 18. Qg5 Qf8 19. Rh1 Qe7 20. Nh3 Qxg5
21. Nxg5 Ke7 22. Rh7 Rf8 23. Rg7 c5 24. Nh7 Rh8 25. Ng5 Rf8 26. Nh7 d4 27. Ne2
Rh8 28. Ng5 Rh2 29. Rxf7+ Ke8 30. Rg7 Rxg2 31. Kd1 Bd5 32. Rg8+ Nf8 33. b3 a5
34. Ke1 Rh2 35. c4 d3 36. Nc3 d2+ 37. Kd1 Bc6 38. Nce4 Bxe4 39. Nxe4 Kf7 40.
Nf6 Rh4 41. Kxd2 Rxf4 42. Rh8 Rf2+ 43. Kc3 Rxa2 44. Nh7 Nxh7 45. Rxh7+ Kf8 46.
Rb7 Re2 47. Rxb6 Rxe5 48. Ra6 g5 49. Rxa5 g4 50. Ra2 g3 51. Kd3 Rg5 52. Rg2 Ke7
53. Ke2 Kd6 54. Kf1 Kc6 55. Re2 g2+ 56. Kg1 Rg6 57. Re4 Kd6 58. Re3 Rg5 59.
Rd3+ Kc6 60. Re3 e5 61. Re2 Kb6 62. Ra2 Rg3 63. Re2 Ka5 64. Rxe5 Kb4 65. Rf5
Rxb3 66. Kxg2 Kxc4 67. Kf2 Rd3 68. Ke2 Rd8 69. Rf1 Kb3 70. Rf3+ Kb4 71. Rf1 c4
72. Rb1+ Kc3 73. Rb7 Kc2 74. Re7 c3 75. Re6 Kc1 76. Re7 c2 77. Ra7 Re8+ 78. Kd3
Kd1 0-1

[Event "Americana Paulista op"]
[Site "Americana"]
[Date "2013.09.20"]
[Round "1"]
[White "Farah, Daniel Landshoff"]
[Black "Supi, Luis Paulo"]
[Result "0-1"]
[WhiteElo "1911"]
[BlackElo "2313"]
[PlyCount "52"]
[EventDate "2013.09.20"]
[EventType "swiss"]
[EventRounds "6"]
[EventCountry "BRA"]
[SourceTitle "CBM 156 Extra"]
[Source "ChessBase"]
[SourceDate "2013.10.22"]
[SourceVersion "1"]
[SourceVersionDate "2013.10.22"]
[SourceQuality "1"]

1. e4 c5 2. Nf3 Nc6 3. d3 g6 4. g3 Bg7 5. Bg2 d6 6. O-O Nf6 7. c3 O-O 8. Na3
Rb8 9. Nc2 b5 10. Re1 b4 11. cxb4 Nxb4 12. Nxb4 Rxb4 13. a3 Rb8 14. d4 Nd7 15.
Rb1 Bb7 16. dxc5 Nxc5 17. Nd4 Qd7 18. f3 Ba6 19. Re3 Rfc8 20. Rc3 d5 21. exd5
Qxd5 22. Be3 Rd8 23. f4 Qd6 24. Rbc1 Nd3 25. Rc6 Bxd4 26. Bxd4 Qxd4+ 0-1

[Event "Americana Paulista op"]
[Site "Americana"]
[Date "2013.09.20"]
[Round "2"]
[White "Supi, Luis Paulo"]
[Black "Valente, Rodrigo de Deus"]
[Result "1-0"]
[WhiteElo "2313"]
[BlackElo "2087"]
[PlyCount "43"]
[EventDate "2013.09.20"]
[EventType "swiss"]
[EventRounds "6"]
[EventCountry "BRA"]
[SourceTitle "CBM 156 Extra"]
[Source "ChessBase"]
[SourceDate "2013.10.22"]
[SourceVersion "1"]
[SourceVersionDate "2013.10.22"]
[SourceQuality "1"]

1. e4 d6 2. d4 Nf6 3. Nc3 c6 4. Bg5 Qa5 5. Qd2 Nbd7 6. Bd3 e5 7. Nge2 Be7 8. h3
b5 9. O-O h6 10. Be3 b4 11. Nd1 d5 12. Ng3 c5 13. dxe5 Nxe5 14. Bf4 Nxd3 15.
cxd3 dxe4 16. dxe4 Ba6 17. Re1 Rd8 18. Qc1 O-O 19. Bxh6 Nh7 20. Nh5 Bf6 21.
Nxf6+ Nxf6 22. Bxg7 1-0

[Event "Americana Paulista op"]
[Site "Americana"]
[Date "2013.09.21"]
[Round "3"]
[White "Assumpcao, Roberto"]
[Black "Supi, Luis Paulo"]
[Result "1/2-1/2"]
[WhiteElo "2223"]
[BlackElo "2313"]
[PlyCount "89"]
[EventDate "2013.09.20"]
[EventType "swiss"]
[EventRounds "6"]
[EventCountry "BRA"]
[SourceTitle "CBM 156 Extra"]
[Source "ChessBase"]
[SourceDate "2013.10.22"]
[SourceVersion "1"]
[SourceVersionDate "2013.10.22"]
[SourceQuality "1"]

1. e4 c5 2. Nf3 d6 3. Bb5+ Nd7 4. d4 cxd4 5. Qxd4 a6 6. Bxd7+ Bxd7 7. Bg5 Rc8
8. Nc3 h6 9. Bh4 e5 10. Qd3 Qa5 11. O-O g5 12. Bg3 Nf6 13. Rfe1 Qc5 14. Nd5
Nxd5 15. exd5 Bg7 16. c3 O-O 17. h4 g4 18. Nd2 f5 19. h5 Bb5 20. c4 Bxc4 21.
Nxc4 Qxc4 22. Qd2 Rc5 23. Red1 Rfc8 24. a3 Qe4 25. Rdc1 f4 26. Bh4 g3 27. fxg3
Rc2 28. Rxc2 Rxc2 29. Re1 Rxd2 30. Rxe4 fxg3 31. Bxg3 Rxd5 32. Rc4 Rc5 33. Rxc5
dxc5 34. Kf2 c4 35. Ke3 e4 36. Kxe4 Bxb2 37. a4 b5 38. axb5 axb5 39. Kd5 Bf6
40. Bf4 Bg5 41. Be5 Kf7 42. Kc5 Ke6 43. Bg7 Kf7 44. Bc3 Bf6 45. Bd2 1/2-1/2

[Event "Americana Paulista op"]
[Site "Americana"]
[Date "2013.09.21"]
[Round "4"]
[White "Supi, Luis Paulo"]
[Black "Frare, Fernando Cesar"]
[Result "1/2-1/2"]
[WhiteElo "2313"]
[BlackElo "2240"]
[PlyCount "45"]
[EventDate "2013.09.20"]
[EventType "swiss"]
[EventRounds "6"]
[EventCountry "BRA"]
[SourceTitle "CBM 156 Extra"]
[Source "ChessBase"]
[SourceDate "2013.10.22"]
[SourceVersion "1"]
[SourceVersionDate "2013.10.22"]
[SourceQuality "1"]

1. e4 c5 2. Nf3 d6 3. d4 cxd4 4. Qxd4 a6 5. Bc4 Nc6 6. Qd3 e6 7. Nc3 Nf6 8. Bf4
b5 9. Bb3 Bb7 10. O-O b4 11. Nd5 Qa5 12. a3 exd5 13. exd5 Ne5 14. Nxe5 dxe5 15.
Bxe5 Bc5 16. Qf5 O-O 17. c3 Bc8 18. Qg5 Be7 19. axb4 Qb6 20. Bd4 Qd8 21. Rfe1
h6 22. Qg3 Bd6 23. Be5 1/2-1/2

[Event "Americana Paulista op"]
[Site "Americana"]
[Date "2013.09.22"]
[Round "5"]
[White "Terao, Juliana Sayumi"]
[Black "Supi, Luis Paulo"]
[Result "0-1"]
[WhiteElo "2148"]
[BlackElo "2313"]
[PlyCount "40"]
[EventDate "2013.09.20"]
[EventType "swiss"]
[EventRounds "6"]
[EventCountry "BRA"]
[SourceTitle "CBM 156 Extra"]
[Source "ChessBase"]
[SourceDate "2013.10.22"]
[SourceVersion "1"]
[SourceVersionDate "2013.10.22"]
[SourceQuality "1"]

1. e4 c5 2. Nf3 d6 3. d4 cxd4 4. Nxd4 Nf6 5. f3 e5 6. Nb3 Be7 7. Nc3 O-O 8. Be3
Be6 9. Qd2 Nc6 10. Be2 a5 11. a3 a4 12. Nc1 Ra5 13. O-O d5 14. exd5 Nxd5 15.
Nxd5 Rxd5 16. Qe1 Nd4 17. Bd3 Qc7 18. c3 Nb3 19. Bc2 Nxa1 20. Bxa4 b5 0-1

[Event "Americana Paulista op"]
[Site "Americana"]
[Date "2013.09.22"]
[Round "6"]
[White "Supi, Luis Paulo"]
[Black "Matsuura, Everaldo"]
[Result "1/2-1/2"]
[WhiteElo "2313"]
[BlackElo "2488"]
[PlyCount "58"]
[EventDate "2013.09.20"]
[EventType "swiss"]
[EventRounds "6"]
[EventCountry "BRA"]
[SourceTitle "CBM 156 Extra"]
[Source "ChessBase"]
[SourceDate "2013.10.22"]
[SourceVersion "1"]
[SourceVersionDate "2013.10.22"]
[SourceQuality "1"]

1. e4 e5 2. Nf3 Nc6 3. d4 exd4 4. Nxd4 Nf6 5. Nxc6 bxc6 6. e5 Qe7 7. Qe2 Nd5 8.
c4 Nb6 9. Nd2 Qe6 10. Qe4 g6 11. Bd3 Bg7 12. f4 O-O 13. O-O d6 14. Nf3 Ba6 15.
b3 dxe5 16. fxe5 Nd7 17. Qh4 h5 18. Bb2 Rae8 19. Rae1 c5 20. Be4 Qg4 21. Bc6
Qxh4 22. Nxh4 Bc8 23. Nf3 Re7 24. Ba3 Re6 25. Bxd7 Bxd7 26. Bxc5 Rfe8 27. Bd4
Bc6 28. Ng5 R6e7 29. Ne4 Bxe4 1/2-1/2

[Event "Mogi das Cruzes op 09"]
[Site "Mogi das Cruzes"]
[Date "2013.09.26"]
[Round "1"]
[White "Supi, Luis Paulo"]
[Black "Pereira, Jorge Luiz Rodrigue"]
[Result "1-0"]
[WhiteElo "2313"]
[BlackElo "1948"]
[PlyCount "45"]
[EventDate "2013.09.26"]
[EventType "swiss"]
[EventRounds "7"]
[EventCountry "BRA"]
[SourceTitle "CBM 156 Extra"]
[Source "ChessBase"]
[SourceDate "2013.10.22"]
[SourceVersion "1"]
[SourceVersionDate "2013.10.22"]
[SourceQuality "1"]

1. e4 c5 2. Nf3 d6 3. d4 cxd4 4. Qxd4 Nc6 5. Bb5 Bd7 6. Bxc6 Bxc6 7. Nc3 Nf6 8.
Bg5 e6 9. O-O-O Be7 10. Rhe1 O-O 11. Qd2 Qc7 12. Nd4 a6 13. f3 Rac8 14. g4 Rfd8
15. h4 b5 16. Nce2 Bb7 17. Ng3 Qc4 18. Kb1 a5 19. Nh5 a4 20. Bxf6 Bxf6 21.
Nxf6+ gxf6 22. Qh6 a3 23. c3 1-0

[Event "Mogi das Cruzes op 09"]
[Site "Mogi das Cruzes"]
[Date "2013.09.27"]
[Round "2"]
[White "Gotz, Klaus Seiji Furucho"]
[Black "Supi, Luis Paulo"]
[Result "0-1"]
[WhiteElo "2112"]
[BlackElo "2313"]
[PlyCount "54"]
[EventDate "2013.09.26"]
[EventType "swiss"]
[EventRounds "7"]
[EventCountry "BRA"]
[SourceTitle "CBM 156 Extra"]
[Source "ChessBase"]
[SourceDate "2013.10.22"]
[SourceVersion "1"]
[SourceVersionDate "2013.10.22"]
[SourceQuality "1"]

1. d4 Nf6 2. c4 g6 3. Nc3 Bg7 4. e4 d6 5. Be2 O-O 6. Bg5 Na6 7. Qd2 c6 8. f3
Nc7 9. g4 Ne6 10. Be3 c5 11. d5 Nd4 12. Nb5 Nxb5 13. cxb5 e6 14. dxe6 Bxe6 15.
g5 Ne8 16. h4 a6 17. a4 axb5 18. Bxb5 Nc7 19. Bf1 Qd7 20. a5 d5 21. Bxc5 Rfd8
22. Bb6 Qe7 23. Qc2 dxe4 24. Bc5 Qd7 25. fxe4 Bb3 26. Qf2 Rxa5 27. Rc1 Rxc5 0-1

[Event "Mogi das Cruzes op 09"]
[Site "Mogi das Cruzes"]
[Date "2013.09.28"]
[Round "4"]
[White "Rodrigues, Edgar"]
[Black "Supi, Luis Paulo"]
[Result "1/2-1/2"]
[WhiteElo "2241"]
[BlackElo "2313"]
[PlyCount "45"]
[EventDate "2013.09.26"]
[EventType "swiss"]
[EventRounds "7"]
[EventCountry "BRA"]
[SourceTitle "CBM 156 Extra"]
[Source "ChessBase"]
[SourceDate "2013.10.22"]
[SourceVersion "1"]
[SourceVersionDate "2013.10.22"]
[SourceQuality "1"]

1. e4 c5 2. Nf3 d6 3. d4 cxd4 4. Nxd4 Nf6 5. Nc3 a6 6. f4 Qc7 7. Bd3 g6 8. O-O
Bg7 9. Kh1 O-O 10. Nf3 Nc6 11. Qe1 Qa5 12. Bd2 Qh5 13. Ne2 Qc5 14. b4 Qb6 15.
Rb1 d5 16. exd5 Nxd5 17. Qh4 e6 18. Ng5 h6 19. Ne4 Qd8 20. Qg3 a5 21. bxa5 Nde7
22. a6 b6 23. Bc3 1/2-1/2

[Event "Mogi das Cruzes op 09"]
[Site "Mogi das Cruzes"]
[Date "2013.09.28"]
[Round "5"]
[White "Supi, Luis Paulo"]
[Black "Van Riemsdijk, Dirk Dagobert"]
[Result "1-0"]
[WhiteElo "2313"]
[BlackElo "2132"]
[PlyCount "41"]
[EventDate "2013.09.26"]
[EventType "swiss"]
[EventRounds "7"]
[EventCountry "BRA"]
[SourceTitle "CBM 156 Extra"]
[Source "ChessBase"]
[SourceDate "2013.10.22"]
[SourceVersion "1"]
[SourceVersionDate "2013.10.22"]
[SourceQuality "1"]

1. e4 c6 2. d4 d5 3. e5 Bf5 4. h4 h5 5. Bg5 Qb6 6. Bd3 Bxd3 7. Qxd3 Qxb2 8. e6
Qxa1 9. Qb3 Qxd4 10. Qxb7 Qe5+ 11. Be3 fxe6 12. Qxa8 Nf6 13. Nf3 Qc7 14. Bxa7
Nfd7 15. O-O e5 16. Nbd2 e6 17. Rb1 Bd6 18. Bxb8 Nxb8 19. Ng5 O-O 20. Nxe6 Qf7
21. Nxf8 1-0

[Event "Mogi das Cruzes op 09"]
[Site "Mogi das Cruzes"]
[Date "2013.09.29"]
[Round "6"]
[White "Matsuura, Everaldo"]
[Black "Supi, Luis Paulo"]
[Result "1/2-1/2"]
[WhiteElo "2488"]
[BlackElo "2313"]
[PlyCount "31"]
[EventDate "2013.09.26"]
[EventType "swiss"]
[EventRounds "7"]
[EventCountry "BRA"]
[SourceTitle "CBM 156 Extra"]
[Source "ChessBase"]
[SourceDate "2013.10.22"]
[SourceVersion "1"]
[SourceVersionDate "2013.10.22"]
[SourceQuality "1"]

1. Nf3 Nf6 2. b3 d5 3. Bb2 c6 4. g3 Bg4 5. Bg2 Nbd7 6. O-O e6 7. d3 Bd6 8. Nbd2
O-O 9. h3 Bh5 10. e4 Be5 11. d4 Bc7 12. Qe2 dxe4 13. Nxe4 Re8 14. Rfe1 Nxe4 15.
Qxe4 Ba5 16. c3 1/2-1/2

[Event "Mogi das Cruzes op 09"]
[Site "Mogi das Cruzes"]
[Date "2013.09.29"]
[Round "7"]
[White "Supi, Luis Paulo"]
[Black "Proudian, Armen"]
[Result "1/2-1/2"]
[WhiteElo "2313"]
[BlackElo "2259"]
[PlyCount "23"]
[EventDate "2013.09.26"]
[EventType "swiss"]
[EventRounds "7"]
[EventCountry "BRA"]
[SourceTitle "CBM 156 Extra"]
[Source "ChessBase"]
[SourceDate "2013.10.22"]
[SourceVersion "1"]
[SourceVersionDate "2013.10.22"]
[SourceQuality "1"]

1. e4 e5 2. Nf3 Nc6 3. d4 exd4 4. Nxd4 Bc5 5. Nxc6 bxc6 6. Bd3 Qh4 7. Qe2 Nf6
8. h3 d5 9. g3 Qh5 10. Qxh5 Nxh5 11. Nc3 O-O 12. Na4 1/2-1/2

[Event "Iracemapolis op 4th"]
[Site "Iracemapolis"]
[Date "2013.11.08"]
[Round "2"]
[White "Supi, Luis Paulo"]
[Black "Da Silva Junior, Sediney Mari"]
[Result "1-0"]
[WhiteElo "2336"]
[BlackElo "1971"]
[PlyCount "43"]
[EventDate "2013.11.08"]
[EventType "swiss"]
[EventRounds "6"]
[EventCountry "BRA"]
[SourceTitle "CBM 157 Extra"]
[Source "ChessBase"]
[SourceDate "2013.12.19"]
[SourceVersion "1"]
[SourceVersionDate "2013.12.19"]
[SourceQuality "1"]

1. e4 e6 2. Qe2 b6 3. b3 Be7 4. Bb2 Bf6 5. e5 Be7 6. Qg4 Bf8 7. Nc3 Ne7 8. d4
d5 9. exd6 cxd6 10. Nf3 Nbc6 11. Bb5 Bd7 12. d5 exd5 13. Qh5 Nb4 14. O-O Bxb5
15. Nxb5 Qd7 16. Nbd4 g6 17. Qh4 Bg7 18. Rfe1 Nxc2 19. Nc6 Nxe1 20. Rxe1 O-O
21. Nxe7+ Kh8 22. Qh6 1-0

[Event "Iracemapolis op 4th"]
[Site "Iracemapolis"]
[Date "2013.11.09"]
[Round "3"]
[White "Rodrigues, Leonardo De Miranda"]
[Black "Supi, Luis Paulo"]
[Result "0-1"]
[WhiteElo "2099"]
[BlackElo "2336"]
[PlyCount "68"]
[EventDate "2013.11.08"]
[EventType "swiss"]
[EventRounds "6"]
[EventCountry "BRA"]
[SourceTitle "CBM 157 Extra"]
[Source "ChessBase"]
[SourceDate "2013.12.19"]
[SourceVersion "1"]
[SourceVersionDate "2013.12.19"]
[SourceQuality "1"]

1. d4 Nf6 2. c4 g6 3. Nc3 Bg7 4. e4 d6 5. Nf3 O-O 6. Be2 Nbd7 7. O-O e5 8. d5
Nc5 9. Qc2 a5 10. b3 Nh5 11. Ne1 Nf4 12. a3 f5 13. f3 Nxe2+ 14. Nxe2 fxe4 15.
fxe4 Rxf1+ 16. Kxf1 Qh4 17. Nf3 Qxe4 18. Qxe4 Nxe4 19. Be3 Bd7 20. Rc1 b6 21.
Kg1 Nc5 22. Bxc5 bxc5 23. Nc3 Rb8 24. Nd2 Bf5 25. Nb5 Bh6 26. Rd1 Bg4 27. Nf3
e4 28. h3 Bd7 29. Nd2 e3 30. Ne4 Bxb5 31. cxb5 Rxb5 32. Rb1 a4 33. b4 cxb4 34.
axb4 Bg7 0-1

[Event "Iracemapolis op 4th"]
[Site "Iracemapolis"]
[Date "2013.11.09"]
[Round "4"]
[White "Supi, Luis Paulo"]
[Black "Pires, Marcos Vinicius Tor"]
[Result "1/2-1/2"]
[WhiteElo "2336"]
[BlackElo "2160"]
[PlyCount "27"]
[EventDate "2013.11.08"]
[EventType "swiss"]
[EventRounds "6"]
[EventCountry "BRA"]
[SourceTitle "CBM 157 Extra"]
[Source "ChessBase"]
[SourceDate "2013.12.19"]
[SourceVersion "1"]
[SourceVersionDate "2013.12.19"]
[SourceQuality "1"]

1. e4 e5 2. Nf3 Nc6 3. d4 exd4 4. Nxd4 Bc5 5. Nb3 Bb6 6. Nc3 Qf6 7. Qe2 Nge7 8.
h4 O-O 9. Bg5 Qe6 10. O-O-O h6 11. Bf4 Qf6 12. Be3 d6 13. f3 Be6 14. g4 1/2-1/2

[Event "Iracemapolis op 4th"]
[Site "Iracemapolis"]
[Date "2013.11.10"]
[Round "5"]
[White "Herbst Neto, Eugenio"]
[Black "Supi, Luis Paulo"]
[Result "0-1"]
[WhiteElo "1913"]
[BlackElo "2336"]
[PlyCount "78"]
[EventDate "2013.11.08"]
[EventType "swiss"]
[EventRounds "6"]
[EventCountry "BRA"]
[SourceTitle "CBM 157 Extra"]
[Source "ChessBase"]
[SourceDate "2013.12.19"]
[SourceVersion "1"]
[SourceVersionDate "2013.12.19"]
[SourceQuality "1"]

1. d4 Nf6 2. Nf3 g6 3. g3 Bg7 4. Bg2 O-O 5. O-O d5 6. b3 c5 7. Bb2 Nc6 8. c3
Qd6 9. Na3 e5 10. Nc2 b6 11. Nxe5 Nxe5 12. dxe5 Qxe5 13. Ne3 Be6 14. Qc2 Rad8
15. c4 d4 16. Nd1 Qh5 17. f3 Qe5 18. Nf2 Bf5 19. Qd2 h5 20. Rad1 Kh7 21. Bc1
Rfe8 22. Rfe1 Ng8 23. Qb2 Qe7 24. Nd3 Bh6 25. Nf4 Nf6 26. e4 dxe3 27. Rxd8 Qxd8
28. Bxe3 Bxf4 29. gxf4 h4 30. Bf1 Nh5 31. Qc1 Bc8 32. Qd2 Qc7 33. Rd1 Qc6 34.
Kf2 Qf6 35. Qd5 Nxf4 36. Qd6 Ne6 37. Qc6 Qe7 38. Bh3 Nd4 39. Qxc8 Qxe3+ 0-1

[Event "Iracemapolis op 4th"]
[Site "Iracemapolis"]
[Date "2013.11.10"]
[Round "6"]
[White "Supi, Luis Paulo"]
[Black "Sztokbant, Bernardo Vainzoff"]
[Result "1/2-1/2"]
[WhiteElo "2336"]
[BlackElo "2236"]
[PlyCount "43"]
[EventDate "2013.11.08"]
[EventType "swiss"]
[EventRounds "6"]
[EventCountry "BRA"]
[SourceTitle "CBM 157 Extra"]
[Source "ChessBase"]
[SourceDate "2013.12.19"]
[SourceVersion "1"]
[SourceVersionDate "2013.12.19"]
[SourceQuality "1"]

1. e4 e5 2. Nf3 Nc6 3. Bc4 Bc5 4. c3 Nf6 5. d3 O-O 6. h3 d6 7. Bb3 Ne7 8. O-O
Ng6 9. d4 Bb6 10. Re1 Qe7 11. Nbd2 c6 12. Nf1 Be6 13. Bc2 Rfe8 14. Ng3 Rad8 15.
Nf5 Bxf5 16. exf5 Nf8 17. Bg5 N8d7 18. Nh2 Qf8 19. d5 Nxd5 20. Bxd8 Rxd8 21.
Bb3 Nf4 22. Ng4 1/2-1/2

[Event "Pocos de Caldas op"]
[Site "Pocos de Caldas"]
[Date "2014.02.14"]
[Round "1"]
[White "Supi, Luis Paulo"]
[Black "Boabaid, Jorge Alberto Duard"]
[Result "1-0"]
[WhiteElo "2336"]
[BlackElo "1850"]
[PlyCount "56"]
[EventDate "2014.02.14"]
[EventType "swiss"]
[EventRounds "6"]
[EventCountry "BRA"]
[SourceTitle "CBM 158 Extra"]
[Source "ChessBase"]
[SourceDate "2014.02.28"]
[SourceVersion "1"]
[SourceVersionDate "2014.02.28"]
[SourceQuality "1"]

1. e4 c5 2. Nf3 d6 3. d4 cxd4 4. Qxd4 Nc6 5. Bb5 Bd7 6. Bxc6 Bxc6 7. Nc3 Nf6 8.
Bg5 h6 9. Bxf6 gxf6 10. O-O-O Qa5 11. Rhe1 O-O-O 12. Qc4 Kb8 13. Qxf7 Rc8 14.
Kb1 Be8 15. Qb3 f5 16. Rd5 Rc5 17. exf5 Bc6 18. Rxc5 Qxc5 19. Ne4 Bxe4 20. Rxe4
Qxf2 21. g3 Qc5 22. Qf7 Qf2 23. a4 Qxf3 24. Qe8+ Kc7 25. Rc4+ Qc6 26. Rxc6+
bxc6 27. Qa8 Bg7 28. Qxa7+ Kd8 1-0

[Event "Pocos de Caldas op"]
[Site "Pocos de Caldas"]
[Date "2014.02.14"]
[Round "2"]
[White "Deus Filho, Joaquim"]
[Black "Supi, Luis Paulo"]
[Result "0-1"]
[WhiteElo "2024"]
[BlackElo "2336"]
[PlyCount "40"]
[EventDate "2014.02.14"]
[EventType "swiss"]
[EventRounds "6"]
[EventCountry "BRA"]
[SourceTitle "CBM 158 Extra"]
[Source "ChessBase"]
[SourceDate "2014.02.28"]
[SourceVersion "1"]
[SourceVersionDate "2014.02.28"]
[SourceQuality "1"]

1. e4 c5 2. Nc3 a6 3. a4 e6 4. g3 d5 5. d3 Nc6 6. Bg2 d4 7. Nb1 e5 8. Nd2 Be6
9. b3 Bd6 10. Nc4 Bc7 11. Ne2 b5 12. axb5 axb5 13. Rxa8 Qxa8 14. Nd2 Qa2 15. f4
Nb4 16. Nf3 Nxc2+ 17. Kf2 Bxb3 18. Qf1 Nb4 19. Ne1 Nf6 20. Bh3 c4 0-1

[Event "Pocos de Caldas op"]
[Site "Pocos de Caldas"]
[Date "2014.02.15"]
[Round "3"]
[White "Supi, Luis Paulo"]
[Black "Lapertosa, Julio"]
[Result "1/2-1/2"]
[WhiteElo "2336"]
[BlackElo "2083"]
[PlyCount "84"]
[EventDate "2014.02.14"]
[EventType "swiss"]
[EventRounds "6"]
[EventCountry "BRA"]
[SourceTitle "CBM 158 Extra"]
[Source "ChessBase"]
[SourceDate "2014.02.28"]
[SourceVersion "1"]
[SourceVersionDate "2014.02.28"]
[SourceQuality "1"]

1. e4 e5 2. Nf3 Nc6 3. Bb5 a6 4. Ba4 Nf6 5. d3 d6 6. c4 g6 7. Nc3 Bg7 8. Nd5 h6
9. h3 Bd7 10. Be3 Ne7 11. Nxf6+ Bxf6 12. Bxd7+ Qxd7 13. d4 exd4 14. Bxd4 Qe6
15. Bxf6 Qxf6 16. Qd2 Nc6 17. O-O Kf8 18. Rad1 Kg7 19. Nh2 h5 20. f4 Rae8 21.
Rfe1 Re7 22. Nf3 Rhe8 23. Ng5 a5 24. Rf1 b6 25. b3 Nd8 26. f5 Re5 27. Rf3 gxf5
28. Re1 f4 29. h4 Ne6 30. Nxe6+ R8xe6 31. Rxf4 Qg6 32. Qc3 f6 33. Rf5 Kf7 34.
Qf3 Ke7 35. Rxe5 Rxe5 36. Re2 Qg7 37. Re3 Qg6 38. Kf2 Kf7 39. Ke2 Re8 40. Kd2
Rg8 41. g3 Qg4 42. Qf2 Qe6 1/2-1/2

[Event "Pocos de Caldas op"]
[Site "Pocos de Caldas"]
[Date "2014.02.15"]
[Round "4"]
[White "Goncalves, Ivan Mesquita V"]
[Black "Supi, Luis Paulo"]
[Result "1/2-1/2"]
[WhiteElo "2169"]
[BlackElo "2336"]
[PlyCount "26"]
[EventDate "2014.02.14"]
[EventType "swiss"]
[EventRounds "6"]
[EventCountry "BRA"]
[SourceTitle "CBM 158 Extra"]
[Source "ChessBase"]
[SourceDate "2014.02.28"]
[SourceVersion "1"]
[SourceVersionDate "2014.02.28"]
[SourceQuality "1"]

1. d4 Nf6 2. c4 c6 3. Nc3 d5 4. e3 a6 5. Qc2 b5 6. b3 Bg4 7. Nge2 Nbd7 8. h3
Bh5 9. Nf4 Bg6 10. Nxg6 hxg6 11. Be2 e6 12. O-O Bb4 13. Bd2 Qe7 1/2-1/2

[Event "Pocos de Caldas op"]
[Site "Pocos de Caldas"]
[Date "2014.02.16"]
[Round "5"]
[White "Supi, Luis Paulo"]
[Black "Ueti, Silvio Shigeo"]
[Result "1/2-1/2"]
[WhiteElo "2336"]
[BlackElo "2136"]
[PlyCount "31"]
[EventDate "2014.02.14"]
[EventType "swiss"]
[EventRounds "6"]
[EventCountry "BRA"]
[SourceTitle "CBM 158 Extra"]
[Source "ChessBase"]
[SourceDate "2014.02.28"]
[SourceVersion "1"]
[SourceVersionDate "2014.02.28"]
[SourceQuality "1"]

1. e4 c5 2. b3 e5 3. Bb2 Nc6 4. f4 exf4 5. Nf3 Nf6 6. Qe2 Be7 7. e5 Nh5 8. Nc3
O-O 9. O-O-O d5 10. d4 Be6 11. dxc5 Bxc5 12. Qb5 Be3+ 13. Kb1 d4 14. Qxb7 Rc8
15. Ne4 Nxe5 16. Qb5 1/2-1/2

[Event "Pocos de Caldas op"]
[Site "Pocos de Caldas"]
[Date "2014.02.16"]
[Round "6"]
[White "Cadilhac, Igor Tokuichi Kikuc"]
[Black "Supi, Luis Paulo"]
[Result "0-1"]
[WhiteElo "2033"]
[BlackElo "2336"]
[PlyCount "104"]
[EventDate "2014.02.14"]
[EventType "swiss"]
[EventRounds "6"]
[EventCountry "BRA"]
[SourceTitle "CBM 158 Extra"]
[Source "ChessBase"]
[SourceDate "2014.02.28"]
[SourceVersion "1"]
[SourceVersionDate "2014.02.28"]
[SourceQuality "1"]

1. e4 c5 2. Nf3 e6 3. c4 a6 4. Nc3 Qc7 5. d4 cxd4 6. Nxd4 Nf6 7. a3 b6 8. Be3
Bb7 9. f3 d6 10. Be2 Nbd7 11. O-O Be7 12. Rc1 O-O 13. Qd2 Rac8 14. Rfd1 Rfe8
15. b4 Ne5 16. Na4 Nfd7 17. Nb3 Bc6 18. Nc3 Qb8 19. Qd4 Red8 20. Bf2 Bf8 21.
Bh4 Re8 22. Bf2 Be7 23. Be3 Ng6 24. Bf1 h5 25. Rc2 h4 26. Rcc1 Nge5 27. Kf2 Ng6
28. Kg1 Ba8 29. Rc2 Nge5 30. Kf2 Rc7 31. Rcc1 Rec8 32. Na4 b5 33. cxb5 axb5 34.
Nb6 Rc2+ 35. Rxc2 Rxc2+ 36. Rd2 Rxd2+ 37. Nxd2 Bc6 38. Nxd7 Nxd7 39. Qc3 Ba8
40. Nb3 d5 41. Qd3 Qxh2 42. Qxb5 h3 43. Qxd7 Bh4+ 44. Ke2 hxg2 45. Bxg2 Qxg2+
46. Kd3 Qf1+ 47. Kd4 Qc4+ 48. Ke5 Qxb3 49. Qe8+ Kh7 50. Qxf7 Qxe3 51. Qxe6 Bg3+
52. Kf5 Qf4# 0-1

[Event "Votoria Cup 2nd"]
[Site "Vitoria"]
[Date "2014.03.20"]
[Round "1"]
[White "Supi, Luis Paulo"]
[Black "Almeida, Sergio Ribeiro"]
[Result "1-0"]
[WhiteElo "2330"]
[BlackElo "1737"]
[PlyCount "63"]
[EventDate "2014.03.20"]
[EventType "swiss"]
[EventRounds "7"]
[EventCountry "BRA"]
[SourceTitle "CBM 159 Extra"]
[Source "ChessBase"]
[SourceDate "2014.04.24"]
[SourceVersion "1"]
[SourceVersionDate "2014.04.24"]
[SourceQuality "1"]

1. d4 d5 2. Nc3 c6 3. Bg5 h6 4. Bh4 Nd7 5. e4 Qa5 6. exd5 cxd5 7. Nf3 e6 8. Bd3
Bb4 9. O-O Bxc3 10. bxc3 Qxc3 11. Bg3 Ngf6 12. Bd6 Qc6 13. Bb4 a5 14. Ba3 b5
15. Ne5 Nxe5 16. dxe5 Nd7 17. Bd6 Ba6 18. Qg4 g5 19. f4 O-O-O 20. fxg5 hxg5 21.
Rxf7 Qb6+ 22. Kh1 b4 23. Qxe6 Bb7 24. Raf1 Bc6 25. Be7 Rde8 26. Qd6 d4 27. e6
Nb8 28. Qg3 g4 29. Bc5 Qd8 30. Bf5 Bxg2+ 31. Qxg2 Qh4 32. Qb7+ 1-0